Sheehy's Manual of Emergency Care (Record no. 2022)

MARC details
000 -LEADER
fixed length control field 00361nam a22001457a 4500
008 - FIXED-LENGTH DATA ELEMENTS--GENERAL INFORMATION
fixed length control field 250228b |||||||| |||| 00| 0 eng d
020 ## - INTERNATIONAL STANDARD BOOK NUMBER
ISBN 9780323078276
100 ## - MAIN ENTRY--AUTHOR
Author Hammond, Belinda B
245 ## - TITLE STATEMENT
Title Sheehy's Manual of Emergency Care
250 ## - EDITION STATEMENT
Edition statement 7th
260 ## - PUBLICATION, DISTRIBUTION, ETC. (IMPRINT)
Place of publication St.louis
Name of publisher Elsevier Mosby
Date of publication 2013
300 ## - COLLATION
Pagination xxii,632p
942 ## - ADDED ENTRY ELEMENTS (KOHA)
Item type Books
050 ## - LIBRARY OF CONGRESS CALL NUMBER
Classification number RT120
Item number .S44
Holdings
Source of classification or shelving scheme Not for loan Permanent location Current location Date acquired Accession No. Full call number Barcode. Koha item type
Library of Congress Classification   Samuel Ogbemudia Main Library, University of Abuja Samuel Ogbemudia Main Library, University of Abuja 02/28/2025 2024/64082 RT120.S44 2025-0163 Books